the grudge (Lyrics)- Olivia Rodrigo - Statistics

General Stats
  • This quiz has been taken 321 times
    314 since last reset
  • The average score is 331 of 390
Answer Stats
Answer % Correct
I
100%
a
98%
you
97%
You
97%
that
96%
and
95%
And
95%
do
95%
it
95%
It
95%
to
95%
ever
94%
But
93%
but
93%
every
93%
I'm
93%
in
93%
In
93%
so
93%
the
93%
The
93%
we
93%
my
92%
My
92%
try
92%
be
91%
did
91%
your
91%
on
90%
think
90%
when
90%
for
89%
grudge
89%
have
89%
don't
88%
How
88%
know
88%
me
88%
everything
87%
not
87%
One
87%
still
87%
hear
86%
long
86%
could
85%
feel
85%
from
85%
go
85%
like
85%
scream
85%
takes
85%
things
85%
time
85%
tough
85%
forgive
84%
strong
84%
wanna
84%
was
84%
about
83%
call
83%
car
83%
changed
83%
entire
83%
Friday
83%
hold
83%
May
83%
say
83%
world
83%
can't
82%
fine
82%
nightmares
82%
tried
82%
enough
81%
I've
81%
love
81%
phone
81%
why
81%
let
80%
care
79%
all
77%
all?
77%
strength
77%
voice
77%
alone
75%
betrayed
75%
life
75%
make
75%
sorry
75%
damage
74%
depends
73%
easily?
73%
fingers
73%
head
73%
mirror
73%
this
73%
Took
73%
Trust
73%
you're
73%
bed
72%
between
72%
anybody
71%
before
71%
crushed
71%
guilty
71%
week
71%
were
71%
each
70%
loved
70%
confusion
69%
fuckin'
69%
lingers
69%
little
69%
never
69%
people
69%
shower
68%
won
68%
both
67%
equal
67%
hurt
67%
Yeah
67%
blood
66%
'bout
66%
detail
66%
drew
66%
against
65%
arguments
65%
cuts
65%
undying
65%
unhappy
65%
want
65%
doubt
64%
now
64%
those
64%
understand
64%
man
63%
heart
62%
insecure
62%
fall
61%
must
61%
onto
61%
deserved
60%
with
60%
fantasize
59%
flowers
59%
watch
59%
more
58%
even
57%
mean
57%
up
57%
filled
55%
would
55%
after
54%
built
53%
there
53%
yet
53%
sure
52%
quite
51%
Ooh
47%
vitriol
47%
guess
46%
that's
42%
No matching quizzes found
Score Distribution
Percent of People with Each Score
Percentile by Number Answered
Your Score History
You have not taken this quiz since the last reset